Normal view MARC view

Entry Personal Name

Number of records used in: 1

001 - CONTROL NUMBER

  • control field: 9335

003 - CONTROL NUMBER IDENTIFIER

  • control field: DLC

005 - DATE AND TIME OF LATEST TRANSACTION

  • control field: 20230822112025.0

008 - FIXED-LENGTH DATA ELEMENTS

  • fixed length control field: 821117n| azannaabn |a aaa

010 ## - LIBRARY OF CONGRESS CONTROL NUMBER

  • LC control number: n 82153407

016 ## - NATIONAL BIBLIOGRAPHIC AGENCY CONTROL NUMBER

  • Record control number: 1025C0090E

035 ## - SYSTEM CONTROL NUMBER

  • System control number: (Uk)000918163

035 ## - SYSTEM CONTROL NUMBER

  • System control number: (OCoLC)oca00849415

040 ## - CATALOGING SOURCE

  • Original cataloging agency: DLC
  • Language of cataloging: eng
  • Description conventions: rda
  • Transcribing agency: DLC
  • Modifying agency: DLC
  • Modifying agency: PSt
  • Modifying agency: Uk
  • Modifying agency: CaOONL

042 ## - AUTHENTICATION CODE

  • Authentication code: nlc

046 ## - SPECIAL CODED DATES

  • Birth date: 1944
  • Source of date scheme: edtf

100 1# - HEADING--PERSONAL NAME

  • Personal name: Hair, Joseph F.,
  • Titles and other words associated with a name: Jr.,
  • Dates associated with a name: 1944-

372 ## - FIELD OF ACTIVITY

  • Field of activity: Marketing
  • Source of term: lcsh

373 ## - ASSOCIATED GROUP

  • Associated group: University of South Alabama
  • Associated group: Louisiana State University (Baton Rouge, La.)
  • Source of term: naf

374 ## - OCCUPATION

  • Occupation: College teachers
  • Source of term: lcsh

377 ## - ASSOCIATED LANGUAGE

  • Language code: eng

400 1# - SEE FROM TRACING--PERSONAL NAME

  • Personal name: Hair, Joseph F.
  • Titles and other words associated with a name: Jr.

400 1# - SEE FROM TRACING--PERSONAL NAME

  • Personal name: Hair, Joe F.

400 1# - SEE FROM TRACING--PERSONAL NAME

  • Control subfield: nnea
  • Personal name: Hair, Joseph F.

670 ## - SOURCE DATA FOUND

  • Source citation: Anderson, R. Sales management, c1983 (a.e.)
  • Information found: CIP title page (Joseph Hair, Louisiana State Univ.) book title page (Joseph F. Hair, Jr.)

670 ## - SOURCE DATA FOUND

  • Source citation: Lamb, C.W. Principles of marketing, c1992:
  • Information found: CIP title page (Joseph F. Hair, Jr.) data sheet (b. 1944)

670 ## - SOURCE DATA FOUND

  • Source citation: Essentials of marketing research, 2017:
  • Information found: title page (Joseph F. Hair, Jr.) page iv (professor of marketing at the University of South Alabama)

670 ## - SOURCE DATA FOUND

  • Source citation: MKTG12, [2019]:
  • Information found: t.p. (Joe F. Hair, University of South Alabama)

670 ## - SOURCE DATA FOUND

  • Source citation: OCLC, viewed October 8, 2019
  • Information found: (predominant usage: Joseph F. Hair Jr.)

700 16 - ESTABLISHED HEADING LINKING ENTRY--PERSONAL NAME

  • Personal name: Hair, Joseph F.,
  • Titles and other words associated with a name: Jr.,
  • Dates associated with a name: 1944-
  • Authority record control number or standard number: (CaOONL)ncf10658663

Powered by Koha